000 00851nam a2200217Ia 4500
999 _c40242
_d40242
001 6850
003 GE_BSU
005 20200115155124.0
008 181216s1949||||ge |||||||||||||| ||g ||
040 _cGE_BSU
041 _ageo
080 _a821.353.1-32 გ-61
100 _aგოგოლაძე, თენგიზ.
_96132
245 _aგარიყულას განთიადი :
_bმოთხრობა /
_cთენგიზ გოგოლაძე ; რედ. ს. ჩიქოვანი.
264 _aთბილისი :
_bსაბჭ.მწერალი,
_c1949.
300 _a182 გვ. ;
_c15 სმ.
653 _aგარიყულას განთიადი
653 _aმოთხრობა
700 _aჩიქოვანი, ს.
_eრედაქტორი
_93719
942 _cBK
_2udc